Statystyki dla Państwa zaczynające się na samogłoskę, a kończące na spółgłoskę.

Kliknij tutaj aby rozwiązać quiz!

Ogólne statystyki

  • Ten quiz został rozwiązany 231 razy
    (202 od ostatniego zresetowania)
  • Średni wynik to 8 z 10

Statystyki odpowiedzi

KontynentPaństwo% Poprawnych
AzjaAfganistan
89%
AzjaIrak
87%
AzjaIran
87%
AzjaOman
87%
Ameryka PłdUrugwaj
87%
AzjaAzerbejdżan
85%
Ameryka PłdEkwador
85%
AzjaUzbekistan
81%
AzjaIzrael
78%
AfrykaEgipt
73%

Rozkład punktacji

Percentyl według liczby udzielonych odpowiedzi

Procent ludzi z każdym wynikiem

Twoja historia wyników

Nie rozwiązałeś tego quizu od ostatniego zresetowania